Nicaragua (Registro nro. 41452)

Detalles MARC
000 -LEADER
campo de control de longitud fija 00695nam a2200217 i 4500
001 - NÚMERO DE CONTROL
campo de control 41452
003 - IDENTIFICADOR DE NÚMERO DE CONTROL
campo de control ES-MaACL
005 - FECHA Y HORA DE LA ÚLTIMA TRANSACCIÓN
campo de control 20240425135208.0
007 - CAMPO FIJO DE DESCRIPCIÓN FÍSICA--INFORMACIÓN GENERAL
campo de control de longitud fija t|
008 - DATOS DE LONGITUD FIJA--INFORMACIÓN GENERAL
campo de control de longitud fija 030310s1986 sp ||||1| spa d
020 ## - NÚMERO INTERNACIONAL ESTÁNDAR DEL LIBRO
Número Internacional Estándar del Libro 84-336-0266-7
100 1# - ENTRADA PRINCIPAL--NOMBRE DE PERSONA
Nombre de persona Casaldáliga, Pedro.
9 (RLIN) 36062
245 10 - MENCIÓN DEL TÍTULO
Título Nicaragua
Resto del título : combate y profecía /
Mención de responsabilidad, etc. Pedro Casaldáliga ; prólogo de Mario Benedetti ; epílogo de Leonardo Boff.
260 ## - PUBLICACIÓN, DISTRIBUCIÓN, ETC.
Lugar de publicación, distribución, etc. Madrid :
Nombre del editor, distribuidor, etc. Ayuso,
Fecha de publicación, distribución, etc. [1986]
300 ## - DESCRIPCIÓN FÍSICA
Extensión 189 p. :
Otras características físicas il. ;
Dimensiones 20 cm.
700 1# - ENTRADA AGREGADA--NOMBRE PERSONAL
Nombre de persona Benedetti, Mario,
Fechas asociadas al nombre 1920-2009
9 (RLIN) 27492
700 1# - ENTRADA AGREGADA--NOMBRE PERSONAL
Nombre de persona Boff, Leonardo.
9 (RLIN) 29769
852 ## - LOCALIZACIÓN
Ubicación ES-MaACL
Número de control de estantería L-11534
Sublocalización o colección R.112699
852 ## - LOCALIZACIÓN
Ubicación ES-MaACL
Número de control de estantería L-11533
Sublocalización o colección R.112698
Existencias
Estatus retirado Estado de pérdida Estado de daño No para préstamo Biblioteca de origen Biblioteca actual Ubicación en estantería Fecha de adquisición Fuente de adquisición Total de préstamos Signatura topográfica completa Código de barras Visto por última vez Precio de reemplazo Tipo de ítem Koha
        Biblioteca del Ateneo de Madrid Biblioteca del Ateneo de Madrid Depósito 2 17/01/2008     L-11533 1043639 23/02/2023 23/02/2023 Libro impreso
        Biblioteca del Ateneo de Madrid Biblioteca del Ateneo de Madrid Depósito 2 17/01/2008     L-11534 1043638 23/02/2023 23/02/2023 Libro impreso